000 00277nam a2200085Ia 4500
008 220120s9999||||xx |||||||||||||| ||und||
100 _aNaveen, Thimmaiah, Vignesh , Vikas R
_912775
245 0 _aTraffic density monitoring system
260 _aCoorg Institute of Technology
_bPonnampet
999 _c138375
_d138375